000 00423nam a2200157 4500
999 _c1117
_d1117
008 200109b ||||| |||| 00| 0 eng d
082 0 0 _a623.81
_bS8749
100 _9693
_aStokoe, E. A.
245 1 0 _aReed's Naval Architecture for Marine Engineers
_cby E A Stokoe
250 _a2nd ed.
260 _aSunderland
_bThomas Reed
_c1973
300 _a377 p.
490 0 _vVol 4
650 0 _aNaval Architecture
942 _2ddc
_cBK